Le plus grande ville commençant par B dans ce pays - Statistiques

Statistiques générales
  • Ce quiz a été pris 420 fois
  • Le résultat moyen est 14 sur 21
Statistiques - réponses
Pays B-ville % Correct
Brésil Brasilia
94%
Allemagne Berlin
93%
Argentine Buenos Aires
92%
Espagne Barcelone
90%
France Bordeaux
90%
Colombie Bogota
87%
Hongrie Budapest
86%
Liban Beyrouth
85%
Thailande Bangkok
84%
Mali Bamako
83%
Irak Bagdad
81%
Royaume-Uni Birmingham
77%
Italie Bologne
71%
Australie Brisbane
62%
Brunei Bandar Seri Begawan
50%
Norvège Bergen
45%
Republiqué Tchèque Brno
43%
Inde Bangalore
39%
Corée du sud Busan
38%
Canada Brampton
9%
Russie Barnaoul
8%
Aucun quiz correspondant
Distribution des résultats
% des personnes avec chaque résultat
Percentile par nombre de réponses
Votre historique - résultats
Vous n’avez pas pris ce quiz